Grassland ecophysiology and grazing ecology
Guardado en:
| Otros Autores: | |
|---|---|
| Formato: | Electrónico |
| Publicado: |
Oxford [England] ; New York, NY :
CABI Pub.,
c2000.
|
| Materias: | |
| Acceso en línea: | Acceso a texto completo Tabla de contenidos |
| Etiquetas: |
Agregar Etiqueta
Sin Etiquetas, Sea el primero en etiquetar este registro!
|
| LEADER | 01828cmm a2200277 a 4500 | ||
|---|---|---|---|
| 001 | EEA.libagro011239 | ||
| 008 | 000303s2000####nyu########d########## | ||
| 005 | 20200429125916.0 | ||
| 245 | 0 | 0 | |a Grassland ecophysiology and grazing ecology |h [recurso electrónico] / |c edited by G. Lemaire ... [et al.]. |
| 260 | |a Oxford [England] ; |a New York, NY : |b CABI Pub., |c c2000. | ||
| 300 | |a 1 recurso en línea (xiv, 422 p.) | ||
| 500 | |a "This book consists of edited and revised versions of the 20 invited papers presented at an International Symposium on Grassland Ecophysiology and Grazing Ecology held at Curitiba, Parana, Brazil on 24-26 August 1999. The papers are on the sustainability of grazing systems (1); environmental constraints and plant responses to defoliation (4); morphogenesis of pasture species and adaptation to defoliation (4); plant-animal interactions (4); sustainable grazing management of natural pastures (4); and problems of animal production related to pastures in subtropical and temperate regions of South America (3). All papers are abstracted separately.". | ||
| 504 | |a Incluye referencias bibliográficas e índice. | ||
| 020 | |a 0851994520 (impreso) | ||
| 700 | 1 | |a Lemaire, Gilles, |d 1945- | |
| 043 | |a s------ | ||
| 082 | 0 | 0 | |a 633.2/02 |2 21 |
| 650 | 7 | |a Manejo de praderas |v Conferencias |2 agrovoc | |
| 650 | 7 | |a Gramíneas |x Ecología |v Conferencias |2 agrovoc | |
| 650 | 7 | |a Manejo de praderas |z América del Sur |v Conferencias |2 agrovoc | |
| 650 | 7 | |a Gramíneas |x Ecología |z América del Sur |v Conferencias |2 agrovoc | |
| 655 | 7 | |a Libros electrónicos | |
| 010 | |a 00028916 | ||
| 040 | |a DLC |c DLC |d DLC | ||
| 856 | 4 | 0 | |3 Acceso a texto completo |u https://www.wzw.tum.de/public-html/lattanzi/Lit/Grassland%20Ecophysiology.pdf |
| 856 | 4 | 1 | |3 Tabla de contenidos |u http://www.loc.gov/catdir/enhancements/fy0610/00028916-t.html |
